Nourishing millions : (Record no. 19045)

000 -LEADER
fixed length control field 00430cam a2200145 i 4500
020 ## - INTERNATIONAL STANDARD BOOK NUMBER
ISBN 9780896295889 (pbk. : alk. paper)
040 ## - CATALOGING SOURCE
Transcribing agency DNAL
082 00 - DEWEY DECIMAL CLASSIFICATION NUMBER
Classification number 363 INT 2016 C159 Or.
245 00 - TITLE STATEMENT
Title Nourishing millions :
Remainder of title stories of change in nutrition /
300 ## - PHYSICAL DESCRIPTION
Number of Pages xiii, 220 pages :
Other physical details color illustrations, color map ;
Dimensions 26 cm
650 #0 - SUBJECT ADDED ENTRY--TOPICAL TERM
Topical Term Malnutrition
650 #0 - SUBJECT ADDED ENTRY--TOPICAL TERM
Topical Term Nutrition policy.
700 1# - ADDED ENTRY--PERSONAL NAME
Personal name Gillespie, Stuart
942 ## - ADDED ENTRY ELEMENTS (KOHA)
Koha item type ADB
952 ## - LOCATION AND ITEM INFORMATION (KOHA)
Withdrawn status [LOCAL, KOHA] 0
Holdings
Koha item type Source of acquisition Lost status Permanent Location Current Location Date acquired Full call number
សៀវភៅភាសាអង់គ្លេសA39420 Library Block CLibrary Block C2020-03-03363 INT 2016 C159 Or.
មជ្ឈមណ្ឌលឯការនៃសាកលវិទ្យាល័យភូមិន្ទកសិកម្មចំការដូង

Powered by Koha